000
00357nam a2200157Ia 4500
003
0STCL
008
150530s9999 xx 000 0 und d
040
_a
STCL
_c
STCL
100
_a
Chesterton, G.K.
245
_a
Stories essays and poems
260
_b
J.M.Dent
_c
1935
546
_a
English
942
_2
ddc
_c
BK
999
_c
45689
_d
45689
005
20220125170655.0